[Event "Troisdorf op"]
[Site "Troisdorf"]
[Date "2011.11.29"]
[Round "6"]
[White "Ossowski, Rolf"]
[Black "Bonus, Christian"]
[Result "1/2-1/2"]
[WhiteElo "1713"]
[BlackElo "1487"]
[PlyCount "158"]
[EventDate "2011.10.25"]
[EventType "swiss"]
[EventRounds "7"]
[EventCountry "GER"]
[SourceTitle "EXT 2013"]
[Source "ChessBase"]
[SourceDate "2012.11.22"]
[SourceVersion "1"]
[SourceVersionDate "2012.11.22"]
[SourceQuality "1"]

1. e4 c5 2. Nf3 Nc6 3. d4 d5 4. exd5 Qxd5 5. Nc3 Qd8 6. dxc5 e6 7. Qxd8+ Kxd8 8. Be3 Bd7 9. 0-0-0 a6 10. Na4 Ke8 11. Nb6 Rd8 12. Be2 Nf6 13. h3 Ne4 14. Ng5 Nxc5 15. Nxf7 Kxf7 16. Bxc5 Bxc5 17. Nxd7 Bxf2 18. Rhf1 Ke7 19. Rxf2 Rxd7 20. Rf7+ Kxf7 21. Rxd7+ Kf6 22. Rxb7 a5 23. Rb6 Rc8 24. Ba6 Rc7 25. Rb7 Rxb7 26. Bxb7 Nd4 27. Kd2 e5 28. c3 Nf5 29. Kd3 Nd6 30. Be4 g6 31. a3 Kg5 32. b4 Kf4 33. Bd5 e4+ 34. Ke2 axb4 35. cxb4 Nb5 36. Bg8 h6 37. Bf7 g5 38. Be8 Nxa3 39. Bd7 Nc4 40. b5 Kg3 41. Be6 Nb6 42. Ke3 Kxg2 43. Kxe4 Kg3 44. Kd4 h5 45. Kc5 Na4+ 46. Kc6 g4 47. hxg4 hxg4 48. Bb3 Kf2 49. Bxa4 g3 50. b6 g2 51. b7 g1Q 52. b8Q Qg6+ 53. Kc5 Qf5+ 54. Kb6 Qf6+ 55. Bc6 Qb2+ 56. Bb5 Qf6+ 57. Kc5 Qc3+ 58. Bc4 Qa5+ 59. Kd4 Qa1+ 60. Ke4 Qe1+ 61. Kf5 Qa5+ 62. Kg4 Ke1 63. Qb1+ Kd2 64. Qb2+ Kd1 65. Bd3 Qd2 66. Qb3+ Ke1 67. Qe6+ Kd1 68. Qe4 Kc1 69. Qc4+ Kd1 70. Qe4 Kc1 71. Kf3 Qd1+ 72. Kf2 Qd2+ 73. Be2 Qc2 74. Qb4 Qd2 75. Qb3 Qc2 76. Qb4 Qd2 77. Qe4 Qc2 78. Qe3+ Qd2 79. Qe4 Qb2 1/2-1/2

[Event "Troisdorf op "]
[Site "Troisdorf"]
[Date "2010.11.16"]
[Round "4"]
[White "Fehlau, Klaus"]
[Black "Ossowski, Rolf"]
[Result "0-1"]
[WhiteElo "1395"]
[BlackElo "1754"]
[PlyCount "106"]
[EventDate "2010.10.26"]
[EventType "swiss"]
[EventRounds "7"]
[EventCountry "GER"]
[SourceTitle "EXT 2013"]
[Source "ChessBase"]
[SourceDate "2012.11.22"]
[SourceVersion "1"]
[SourceVersionDate "2012.11.22"]
[SourceQuality "1"]

1. d4 Nf6 2. Nf3 d6 3. Nc3 Nbd7 4. e4 e5 5. dxe5 dxe5 6. Bc4 Bb4 7. Bd2 c6 8. 0-0 0-0 9. Qe2 Qe7 10. Rad1 b5 11. Bb3 Bb7 12. a3 Bc5 13. Bg5 h6 14. Rxd7 Qxd7 15. Nxe5 Qc8 16. Bxf6 gxf6 17. Ng6 Re8 18. Qh5 Bf8 19. e5 Re6 20. Qg4 Kh7 21. Bxe6 Qxe6 22. Qxe6 fxe6 23. Nxf8+ Rxf8 24. exf6 Rxf6 25. Rd1 Kg6 26. Rd7 Rf7 27. Rxf7 Kxf7 28. Ne4 Ke7 29. f3 e5 30. Kf2 Bc8 31. Kg3 Bf5 32. Kh4 Bg6 33. g4 Ke6 34. c3 Bf7 35. Nd2 Kd5 36. b3 c5 37. Kg3 a5 38. Kf2 b4 39. c4+ Kd4 40. axb4 axb4 41. Ke2 Bg6 42. h4 Kc3 43. h5 Bh7 44. g5 hxg5 45. h6 Bf5 46. Kd1 g4 47. fxg4 Bxg4+ 48. Kc1 Bf5 49. Kd1 Kd3 50. Nf3 Kc3 51. Nxe5 Kxb3 52. Kc1 Ka2 53. Nf3 b3 0-1

[Event "Troisdorf op "]
[Site "Troisdorf"]
[Date "2010.11.02"]
[Round "2"]
[White "Ossowski, Rolf"]
[Black "Hiendl, David"]
[Result "1-0"]
[WhiteElo "1754"]
[BlackElo "1500"]
[PlyCount "73"]
[EventDate "2010.10.26"]
[EventType "swiss"]
[EventRounds "7"]
[EventCountry "GER"]
[SourceTitle "EXT 2013"]
[Source "ChessBase"]
[SourceDate "2012.11.22"]
[SourceVersion "1"]
[SourceVersionDate "2012.11.22"]
[SourceQuality "1"]

1. e4 e6 2. d3 d5 3. Nd2 c5 4. Ngf3 Nc6 5. g3 Nf6 6. Bg2 dxe4 7. dxe4 e5 8. 0-0 Be6 9. c3 Be7 10. Qe2 0-0 11. Rd1 Qc7 12. Nf1 Rfd8 13. Bg5 h6 14. Bxf6 Bxf6 15. Ne3 Ne7 16. b3 a6 17. h4 b5 18. Nh2 g6 19. Nhg4 Bxg4 20. Qxg4 h5 21. Qe2 Bg7 22. g4 hxg4 23. Qxg4 Qc6 24. f4 exf4 25. e5 Qc7 26. Bxa8 fxe3 27. Rxd8+ Qxd8 28. Bb7 Bxe5 29. Rd1 Qb6 30. Qe4 c4 31. Qxe5 e2+ 32. Rd4 e1Q+ 33. Qxe1 Qxb7 34. Qe5 Nc6 35. Qe8+ Kg7 36. Rd7 Qb6+ 37. Kf1 1-0

[Event "Troisdorf op "]
[Site "Troisdorf"]
[Date "2010.10.26"]
[Round "1"]
[White "Kissing, Freya Margarethe"]
[Black "Ossowski, Rolf"]
[Result "1/2-1/2"]
[WhiteElo "1385"]
[BlackElo "1754"]
[PlyCount "29"]
[EventDate "2010.10.26"]
[EventType "swiss"]
[EventRounds "7"]
[EventCountry "GER"]
[SourceTitle "EXT 2013"]
[Source "ChessBase"]
[SourceDate "2012.11.22"]
[SourceVersion "1"]
[SourceVersionDate "2012.11.22"]
[SourceQuality "1"]

1. e4 c5 2. Nc3 Nc6 3. d3 e6 4. g3 a6 5. Bg2 d6 6. f4 b5 7. Nf3 Bb7 8. 0-0 g6 9. f5 b4 10. fxe6 f6 11. Nd5 Bg7 12. h4 Nge7 13. d4 cxd4 14. Nxd4 0-0 15. Be3 1/2-1/2

[Event "Troisdorf op"]
[Site "Troisdorf"]
[Date "2009.11.24"]
[Round "5"]
[White "Ossowski, Rolf"]
[Black "Gerhards, Bernd"]
[Result "0-1"]
[WhiteElo "1930"]
[BlackElo "1629"]
[PlyCount "62"]
[EventDate "2009.10.27"]
[EventType "swiss"]
[EventRounds "7"]
[EventCountry "GER"]
[SourceTitle "EXT 2011"]
[Source "ChessBase"]
[SourceDate "2010.11.26"]
[SourceVersion "1"]
[SourceVersionDate "2010.11.26"]
[SourceQuality "1"]

1. e4 c5 2. Nf3 d6 3. d4 cxd4 4. Nxd4 Nf6 5. Nc3 a6 6. h3 e5 7. Nf3 Be7 8. Bg5 Be6 9. g4 Nbd7 10. Bg2 Qa5 11. Qd2 Rc8 12. 0-0 h5 13. Bxf6 gxf6 14. g5 Rg8 15. h4 fxg5 16. Nxg5 Bxg5 17. hxg5 Qd8 18. Kh2 Qxg5 19. Qxg5 Rxg5 20. Bh3 Bxh3 21. Kxh3 Nf6 22. Rg1 Rg6 23. Rxg6 fxg6 24. Rg1 Kf7 25. Kh4 Rc4 26. f3 d5 27. Rg5 dxe4 28. Rxe5 exf3+ 29. Kg3 f2 30. Kg2 Rf4 31. Kf1 Ng4 0-1